| 000 | 00000nam 2200000za 4500 |
| 001 | 9.630872 |
| 003 | CaOODSP |
| 005 | 20221104105553 |
| 007 | cr ||||||||||| |
| 008 | 150407s2001 abc|||||o f|0| 0 fre d |
| 040 | |aCaOODSP|bfre |
| 043 | |an-cn--- |
| 086 | 1 |aR63-260/2001F-IN |
| 110 | 2 |aParcs Canada. |
| 245 | 10|aGuide du visiteur de l'arrière-pays - Parc national de Banff |h[ressource électronique]. |
| 260 | |aBanff - Alberta : |bParcs Canada, |c2001. |
| 300 | |a4 p. : |bfigure, ill., carte. |
| 500 | |aLe numéro de catalogue (R63-260/2001) et le numéro ISBN (0-662-65651-2) imprimés dans cette publication sont incorrects. |
| 775 | 08|tBackcountry visitors' guide: Banff National Park |w(CaOODSP)9.686401 |
| 776 | 0#|tGuide du visiteur de l'arrière-pays - Parc national de Banff |w(CaOODSP)9.681673 |
| 794 | |tGuide du visiteur de l'arrière-pays - Parc national du Canada Banff |w(CaOODSP)9.633626 |
| 856 | 40|ahttp://publications.gc.ca|qPDF|s533 Ko|uhttps://publications.gc.ca/collections/Collection/R63-260-2001F.pdf |